[Event "EU-ch U10 Girls 26th"]
[Site "Prague"]
[Date "2016.08.27"]
[Round "9"]
[White "Trasakova, Adela"]
[Black "Anchikova, Olga"]
[Result "0-1"]
[WhiteElo "1052"]
[BlackElo "1283"]
[PlyCount "102"]
[EventDate "2016.08.18"]
[EventType "swiss"]
[EventRounds "9"]
[EventCountry "CZE"]
[SourceTitle "CBM 174 Extra"]
[Source "ChessBase"]
[SourceDate "2016.10.10"]
[SourceVersion "1"]
[SourceVersionDate "2016.10.10"]
[SourceQuality "1"]

1. d4 d5 2. Nf3 Nf6 3. Bf4 c5 4. c3 Nc6 5. e3 e6 6. Nbd2 Bd6 7. Bg3 0-0 8. Bd3 b6 9. 0-0 Bb7 10. e4 Bxg3 11. hxg3 dxe4 12. Nxe4 cxd4 13. Nxf6+ Qxf6 14. cxd4 Rfd8 15. Be4 Rac8 16. Bxc6 Bxc6 17. Ne5 Bb7 18. Qa4 Rc7 19. Qxa7 Rxd4 20. Qb8+ Qd8 21. Qxd8+ Rxd8 22. Rac1 Rdc8 23. Rxc7 Rxc7 24. Rd1 g6 25. Rd7 Rxd7 26. Nxd7 b5 27. f3 Kg7 28. Kf2 Bc6 29. Nc5 Kf6 30. Ke3 e5 31. Kd3 Kf5 32. Kc3 h5 33. Kb4 g5 34. a4 bxa4 35. Nxa4 e4 36. fxe4+ Bxe4 37. Ka5 Bxg2 38. b4 h4 39. gxh4 gxh4 40. b5 h3 41. b6 h2 42. Nc5 h1Q 43. b7 Bxb7 44. Nxb7 Qxb7 45. Ka4 Qb6 46. Ka3 Qb5 47. Ka2 Qb4 48. Ka1 Ke4 49. Ka2 Kd3 50. Ka1 Kc2 51. Ka2 Qb2# 0-1

[Event "EU-ch U10 Girls 26th"]
[Site "Prague"]
[Date "2016.08.24"]
[Round "6"]
[White "Anchikova, Olga"]
[Black "Puia, Alexia Teodora"]
[Result "0-1"]
[WhiteElo "1283"]
[BlackElo "1392"]
[PlyCount "186"]
[EventDate "2016.08.18"]
[EventType "swiss"]
[EventRounds "9"]
[EventCountry "CZE"]
[SourceTitle "CBM 174 Extra"]
[Source "ChessBase"]
[SourceDate "2016.10.10"]
[SourceVersion "1"]
[SourceVersionDate "2016.10.10"]
[SourceQuality "1"]

1. d4 d5 2. c4 dxc4 3. e4 Nf6 4. Nc3 a6 5. Bxc4 b5 6. Bd3 e6 7. a3 Bb7 8. Bg5 h6 9. Bh4 g5 10. Bg3 c5 11. dxc5 Bxc5 12. Nf3 b4 13. Bxb8 bxc3 14. Be5 cxb2 15. Bxb2 Rg8 16. Bxa6 Qa5+ 17. Qd2 Qxd2+ 18. Nxd2 Rxa6 19. Bxf6 Bxa3 20. Rb1 Bc8 21. Nc4 Be7 22. Be5 Ra4 23. Rc1 Bb4+ 24. Ke2 Ra2+ 25. Kf3 g4+ 26. Kg3 Ba6 27. Rhd1 Rg5 28. Bf6 Be7 29. Bxg5 Bxg5 30. Nd6+ Kf8 31. Ra1 Be2 32. Rxa2 Bxd1 33. Ra7 Be7 34. Rd7 Ba4 35. Ra7 Bxd6+ 36. Kxg4 Bc2 37. Ra8+ Kg7 38. Kf3 Bd1+ 39. Ke3 Bc5+ 40. Kd2 Bb3 41. Kc3 Bd1 42. f3 Be2 43. Ra2 Bf1 44. h4 Be7 45. g3 Bb5 46. Ra5 Bf1 47. Rh5 Be2 48. Ra5 Bxf3 49. Kd4 Bb4 50. Ra1 e5+ 51. Kd5 f6 52. Rf1 Bh5 53. Rb1 Bf7+ 54. Kc6 Be8+ 55. Kd5 Bc3 56. g4 Kg6 57. Kc4 Bd2 58. Kd3 Bf4 59. Rg1 Bb5+ 60. Kc2 Be2 61. Kc3 Be3 62. Rg3 Bf4 63. Rg1 Bf3 64. Kd3 Bh2 65. Rf1 Bxg4 66. Rf2 Bf4 67. Rg2 Kh5 68. Rg1 Kxh4 69. Rh1+ Kg5 70. Rg1 h5 71. Ra1 h4 72. Rg1 h3 73. Rf1 h2 74. Kc2 Bh3 75. Rh1 Bg2 76. Re1 Bg3 77. Rd1 Bxe4+ 78. Kd2 h1Q 79. Rxh1 Bxh1 80. Ke2 e4 81. Kf1 e3 82. Ke2 f5 83. Kxe3 f4+ 84. Ke2 Bg2 85. Kd1 f3 86. Kd2 f2 87. Ke2 f1Q+ 88. Ke3 Qf4+ 89. Ke2 Qf3+ 90. Kd2 Bf4+ 91. Kc2 Qa3 92. Kd1 Qa2 93. Ke1 Qd2# 0-1

[Event "EU-ch U10 Girls 26th"]
[Site "Prague"]
[Date "2016.08.22"]
[Round "5"]
[White "Gasparyan, Milena"]
[Black "Anchikova, Olga"]
[Result "0-1"]
[WhiteElo "1459"]
[BlackElo "1283"]
[PlyCount "92"]
[EventDate "2016.08.18"]
[EventType "swiss"]
[EventRounds "9"]
[EventCountry "CZE"]
[SourceTitle "CBM 174 Extra"]
[Source "ChessBase"]
[SourceDate "2016.10.10"]
[SourceVersion "1"]
[SourceVersionDate "2016.10.10"]
[SourceQuality "1"]

1. e4 e6 2. d4 d5 3. Nd2 c5 4. exd5 Qxd5 5. Ngf3 cxd4 6. Bc4 Qd6 7. 0-0 Nf6 8. Nb3 Nc6 9. Nbxd4 Nxd4 10. Qxd4 Qxd4 11. Nxd4 Bd7 12. Bf4 Rc8 13. Bb3 Bc5 14. Nf3 0-0 15. Ne5 Bb5 16. Rfd1 Rfd8 17. c4 Be8 18. Nd3 Bd6 19. Bxd6 Rxd6 20. Ne5 Ne4 21. Rxd6 Nxd6 22. Rd1 Nf5 23. f4 Kf8 24. Kf2 b5 25. cxb5 Bxb5 26. Rd2 Ke7 27. Rc2 Rxc2+ 28. Bxc2 g6 29. Bd3 Bxd3 30. Nxd3 Kd6 31. Kf3 Kd5 32. g4 Nd4+ 33. Ke3 f5 34. g5 Nc6 35. b3 e5 36. fxe5 Nxe5 37. Nxe5 Kxe5 38. a4 Kd5 39. Kf4 Kc5 40. h4 Kb4 41. h5 Kxb3 42. hxg6 hxg6 43. Ke5 Kxa4 44. Kf6 f4 45. Kxg6 f3 46. Kg7 f2 0-1

[Event "EU-ch U10 Girls 26th"]
[Site "Prague"]
[Date "2016.08.21"]
[Round "4"]
[White "Anchikova, Olga"]
[Black "Strendeva, Viktoria"]
[Result "1/2-1/2"]
[WhiteElo "1283"]
[BlackElo "1431"]
[PlyCount "74"]
[EventDate "2016.08.18"]
[EventType "swiss"]
[EventRounds "9"]
[EventCountry "CZE"]
[SourceTitle "CBM 174 Extra"]
[Source "ChessBase"]
[SourceDate "2016.10.10"]
[SourceVersion "1"]
[SourceVersionDate "2016.10.10"]
[SourceQuality "1"]

1. d4 d5 2. c4 c6 3. Nf3 e6 4. e3 Nf6 5. Nc3 Be7 6. Bd3 0-0 7. 0-0 Nbd7 8. b3 b6 9. Qc2 h6 10. Rd1 Ba6 11. Bd2 Rc8 12. Rac1 Nb8 13. e4 dxe4 14. Nxe4 Nbd7 15. Bf4 Nxe4 16. Bxe4 Nf6 17. Bd3 Bd6 18. Bxd6 Qxd6 19. Qb2 Qe7 20. Ne5 c5 21. dxc5 Qxc5 22. Bc2 Rfd8 23. Qc3 Bb7 24. Qg3 Qe7 25. Ng4 Nxg4 26. Qxg4 Rc7 27. Rxd8+ Qxd8 28. Rd1 Rd7 29. Rxd7 Qxd7 30. Qf4 Qd8 31. h3 Qc8 32. Be4 Bxe4 33. Qxe4 Qd8 34. f3 Qd1+ 35. Kh2 Qd6+ 36. Kg1 Qd1+ 37. Kh2 Qd6+ 1/2-1/2